Palmyre. 6

Hlavní autor: Michałowski, Kazimierz, 1901-1981
Jazyk: Čeština
Vydáno: Warszawa, 1973
Knihy
Uloženo v:
LEADER 00487nam a22001692a 4500
001 000279765
003 CZ BrMZK
005 19980105143423.0
007 ta
008 980105s1973 pl f cze d
040 |a BOA001  |b cze 
100 1 |a Michałowski, Kazimierz,  |d 1901-1981  |7 mzk2003199987 
245 1 0 |a Palmyre.  |n 6 
260 |a Warszawa,  |c 1973 
910 |a BOA001  |b 4-0501.082,6 
990 |a BK 
996 7 |b 2619875019  |c 4-0501.082,6  |l MZK  |r Sklad / do 1 hodiny  |n 2  |w 000279765  |u 000010  |a 1  |e BOA001  |j MZK50  |s A